[Event "Titled Tue 24th Jun Early"]
[Site "chess.com INT"]
[Date "2025.06.24"]
[Round "4"]
[White "Marynychenko, Yehor"]
[Black "Jakubowski, Krzysztof"]
[Result "0-1"]
[WhiteTitle "CM"]
[BlackTitle "GM"]
[WhiteElo "2183"]
[BlackElo "2448"]
[WhiteFideId "34160558"]
[BlackFideId "1112848"]
[EventDate "2025.06.24"]

1. e4 c5 2. c3 Nf6 3. e5 Nd5 4. Nf3 e6 5. d4 cxd4 6. cxd4 b6 7. Bc4 Ba6 8. Bxa6
Nxa6 9. O-O Be7 10. Nc3 Nac7 11. Ne4 O-O 12. Qd3 f5 13. exf6 Nxf6 14. Ne5 Ncd5
15. Ng5 Qe8 16. Bd2 Rc8 17. Rac1 Qh5 18. Qf3 Qxf3 19. Ngxf3 Bb4 20. Bxb4 Nxb4
21. a3 Nbd5 22. h3 Rfd8 23. Nd2 Kf8 24. g4 Ke7 25. f4 Rxc1 26. Rxc1 Nxf4 27. Kh2
N6d5 28. Ne4 Ne2 29. Rd1 Rc8 30. Rd2 Nef4 31. Kg3 Rc1 32. Nc3 Rg1+ 33. Kh2 Re1
34. Nxd5+ Nxd5 35. Rf2 Ke8 36. Nc4 Rd1 37. Nd6+ Ke7 38. Nc8+ Kd8 39. Nxa7 Rxd4
40. Nb5 Rd3 41. Nd6 h6 42. Nf7+ Ke7 43. Ne5 Rb3 44. Rf7+ Kd6 45. Nxd7 Rxb2+ 46.
Kg3 Rb3+ 47. Kh4 g5+ 48. Kh5 Rxh3+ 49. Kg6 Nf4+ 50. Kg7 b5 51. Nb6 Kc6 52. Nc8
Rxa3 53. Ne7+ Kd6 54. Kxh6 Nh3 55. Nc8+ Ke5 56. Rb7 Rb3 57. Na7 Kf4 58. Kh5 b4
59. Nc6 e5 60. Nxb4 Kg3 0-1

[Event "Titled Tue 24th Jun Early"]
[Site "chess.com INT"]
[Date "2025.06.24"]
[Round "4"]
[White "Samunenkov, Ihor"]
[Black "Punin, Andrii"]
[Result "1-0"]
[WhiteTitle "GM"]
[BlackTitle "FM"]
[WhiteElo "2562"]
[BlackElo "2289"]
[WhiteFideId "14187086"]
[BlackFideId "14112639"]
[EventDate "2025.06.24"]

1. d4 Nf6 2. Bf4 e6 3. e3 b6 4. Nf3 Be7 5. h3 O-O 6. Nbd2 c5 7. c3 cxd4 8. exd4
d6 9. a4 Ba6 10. Bb5 Bb7 11. O-O a6 12. Bd3 Nbd7 13. Re1 Re8 14. Bh2 Bf8 15. Nc4
Qc7 16. Ne3 Nd5 17. Ng5 N5f6 18. Ng4 g6 19. Qd2 Qc6 20. f3 Nd5 21. c4 Nc7 22.
Ne4 Be7 23. Rac1 Rac8 24. Nc3 f5 25. Nh6+ Kg7 26. Bf4 Bf6 27. Bb1 e5 28. d5 Qc5+
29. Be3 Qa5 30. Bxf5 gxf5 31. Nxf5+ Kg6 32. Nxd6 Nc5 33. Qc2+ e4 34. Ncxe4 Nxe4
35. fxe4 Be5 36. Nxb7 Qb4 37. Rf1 Rf8 38. Rf5 Rxf5 39. exf5+ Kf6 40. Qe4 Re8 41.
Qh4+ Kg7 42. Bh6+ Kh8 43. d6 Bxd6 44. Qf6+ 1-0

[Event "Titled Tue 24th Jun Early"]
[Site "chess.com INT"]
[Date "2025.06.24"]
[Round "4"]
[White "Goncharov, Vladimir"]
[Black "Tang, Dylan"]
[Result "1-0"]
[BlackTitle "FM"]
[WhiteElo "2077"]
[BlackElo "2236"]
[WhiteFideId "34162256"]
[BlackFideId "30972531"]
[EventDate "2025.06.24"]

1. d4 Nf6 2. c4 e6 3. Nf3 Bb4+ 4. Bd2 a5 5. Qc2 b6 6. Nc3 Bb7 7. e3 O-O 8. Be2
d5 9. cxd5 exd5 10. O-O Nbd7 11. Rfc1 Re8 12. a3 Bf8 13. Bb5 c6 14. Bd3 c5 15.
dxc5 Nxc5 16. Bb5 Re7 17. Nd4 Rc7 18. Rcb1 Rac8 19. Qd1 Bd6 20. h3 Nce4 21. Be1
Be5 22. Rc1 Nxc3 23. Bxc3 Ne4 24. Be1 Qf6 25. Rxc7 Rxc7 26. Bf1 g6 27. Qd3 Nc5
28. Qd1 Ne4 29. Qd3 Nc5 30. Qd1 a4 31. Rc1 Re7 32. Bc3 Ne4 33. f4 Bd6 34. Qe1
Nxc3 35. Qxc3 Bc5 36. Rd1 Kg7 37. Bb5 Bc8 38. Bxa4 Kg8 39. b4 Bxh3 40. bxc5 Bg4
41. c6 Bxd1 42. Bxd1 Qd6 43. Bf3 Qc5 44. Qxc5 bxc5 45. Nb5 Rxe3 46. c7 Re8 47.
Nd6 Rd8 48. cxd8=Q+ 1-0

[Event "Titled Tue 24th Jun Early"]
[Site "chess.com INT"]
[Date "2025.06.24"]
[Round "4"]
[White "Cardozo Munar, Carlos Eduardo"]
[Black "Otdelnov, Kirill"]
[Result "0-1"]
[WhiteTitle "FM"]
[BlackTitle "FM"]
[WhiteElo "2052"]
[BlackElo "2273"]
[WhiteFideId "4409477"]
[BlackFideId "24280216"]
[EventDate "2025.06.24"]

1. d4 Nf6 2. Bg5 Ne4 3. h4 d5 4. Nd2 Nxd2 5. Qxd2 Nd7 6. Nf3 Nf6 7. Bxf6 exf6 8.
g3 Bd6 9. Bg2 O-O 10. O-O c6 11. b3 Re8 12. c4 Be6 13. Qc3 a5 14. a3 Qd7 15.
Rfe1 Qe7 16. Qc1 b5 17. Nd2 a4 18. cxd5 cxd5 19. b4 Rac8 20. Qb2 Qd7 21. Rac1 g6
22. Nb1 Rc4 23. Rxc4 bxc4 24. Nc3 Bc7 25. Qd2 f5 26. h5 f4 27. hxg6 hxg6 28.
gxf4 Bh3 29. e3 Bxg2 30. Kxg2 Qg4+ 31. Kf1 Qf3 32. Ne2 g5 33. Ng1 Qh1 34. Qe2
gxf4 35. Qg4+ Kf8 36. Qg2 Qh5 37. Qf3 Qf5 38. exf4 Rxe1+ 39. Kxe1 Qb1+ 40. Qd1
Qb2 41. Qxa4 c3 42. Ne2 Qb1+ 43. Qd1 c2 44. Qc1 Bxf4 0-1

[Event "Titled Tue 24th Jun Early"]
[Site "chess.com INT"]
[Date "2025.06.24"]
[Round "4"]
[White "Abdsattar, Alisher"]
[Black "Ter-Sahakyan, Samvel"]
[Result "0-1"]
[WhiteTitle "CM"]
[BlackTitle "GM"]
[WhiteElo "2030"]
[BlackElo "2611"]
[WhiteFideId "13749358"]
[BlackFideId "13302531"]
[EventDate "2025.06.24"]

1. e4 e6 2. d4 d5 3. Nc3 Nf6 4. e5 Nfd7 5. f4 c5 6. Nf3 Nc6 7. Be3 h6 8. Qd2 g5
9. dxc5 gxf4 10. Bxf4 Nxc5 11. Bd3 Qb6 12. O-O-O Bd7 13. Rhf1 Rc8 14. Kb1 d4 15.
Ne2 Na4 16. b3 Bb4 17. Qc1 Nc3+ 18. Nxc3 Bxc3 19. Bd2 Nb4 20. Bxc3 Rxc3 21. Qb2
Nd5 22. Be4 Ne3 23. Rxd4 Rc7 24. Re1 Nxg2 25. Red1 Ne3 26. R1d2 Qc5 27. R2d3 Ng2
28. Rc4 Qb6 29. Rxc7 Qxc7 30. Qd4 Nf4 31. Rc3 Qb6 32. Qxb6 axb6 33. Rc7 Rg8 34.
Bxb7 Rg2 35. Nd4 Rd2 36. Nc6 Nd5 37. Kc1 Rxh2 38. Rxd7 Kxd7 39. Nd4 h5 40. c4
Ne3 41. a4 h4 42. Nf3 Rc2+ 43. Kb1 h3 44. Ng5 h2 45. Bh1 Rf2 46. Ne4 Rf1+ 47.
Kb2 Rxh1 0-1

[Event "Titled Tue 24th Jun Early"]
[Site "chess.com INT"]
[Date "2025.06.24"]
[Round "4"]
[White "Tregubov, Pavel V."]
[Black "Yang, Daniel"]
[Result "1/2-1/2"]
[WhiteTitle "GM"]
[BlackTitle "CM"]
[WhiteElo "2550"]
[BlackElo "2198"]
[WhiteFideId "4115341"]
[BlackFideId "30976340"]
[EventDate "2025.06.24"]

1. e4 c5 2. Nf3 Nc6 3. Bb5 g6 4. O-O Bg7 5. c3 d5 6. e5 d4 7. cxd4 cxd4 8. d3 a6
9. Bxc6+ bxc6 10. Nbd2 Nh6 11. Nb3 Nf5 12. g4 Nh6 13. h3 O-O 14. Re1 Qd5 15. Qe2
c5 16. Qe4 Qxe4 17. dxe4 f6 18. Nxc5 fxe5 19. Nxe5 Bxe5 20. Bxh6 Bg7 21. Bxg7
Kxg7 22. e5 Rb8 23. b3 Rf3 24. Kg2 Rc3 25. Rac1 Rb5 26. Ne4 Rxc1 27. Rxc1 Bb7
28. f3 Rxe5 29. Re1 d3 30. Kf2 Ra5 31. Rd1 Rxa2+ 32. Ke3 Rb2 33. Rxd3 Bxe4 34.
Kxe4 Kf7 35. Kf4 Ra2 36. h4 Ra5 37. Rd7 Rb5 38. Ra7 Rb4+ 39. Kg3 Rxb3 40. Rxa6
Rb5 41. Ra7 Rb6 42. Rc7 Rb5 43. Kf4 h6 44. Kg3 Ra5 45. Rb7 Rc5 46. Ra7 Rb5 47.
Rc7 Ra5 48. Rb7 Rc5 49. Rb8 Ra5 50. Rh8 Kg7 51. Rb8 Kf7 52. Rb7 1/2-1/2

[Event "Titled Tue 24th Jun Early"]
[Site "chess.com INT"]
[Date "2025.06.24"]
[Round "4"]
[White "Sitnic, Adnan"]
[Black "Silva, Pedro Gil Ferreira Da"]
[Result "0-1"]
[WhiteTitle "CM"]
[BlackTitle "FM"]
[WhiteElo "2058"]
[BlackElo "2269"]
[WhiteFideId "14403854"]
[BlackFideId "1946102"]
[EventDate "2025.06.24"]

1. e4 c6 2. d4 d5 3. e5 Bf5 4. Nc3 e6 5. g4 Bg6 6. Nge2 c5 7. h4 h5 8. Nf4 Bh7
9. Nxh5 cxd4 10. Nb5 Nc6 11. Nxd4 Nge7 12. f4 Be4 13. Rh3 Nxd4 14. Qxd4 Nc6 15.
Qa4 Bg6 16. Bb5 Qd7 17. Rc3 Rc8 18. Bxc6 bxc6 19. Be3 Bxh5 20. gxh5 c5 21. Qxd7+
Kxd7 22. Ra3 Rc7 23. O-O-O Rxh5 24. Bf2 Be7 25. Rg1 g6 26. Rg4 Kc6 27. Kd2 Rb7
28. Rb3 Rxb3 29. axb3 Rh8 30. c3 a6 31. Kc2 c4 32. bxc4 dxc4 33. f5 gxf5 34.
Rxc4+ Kd5 35. Ra4 Rg8 36. Bd4 Rg2+ 37. Kb3 f4 38. Rxa6 f3 39. Ra1 Bxh4 40. Rf1
Ke4 41. Rh1 Bg5 42. Rh7 f2 43. Rxf7 Bf4 44. Bxf2 Rxf2 45. Rf6 Kxe5 46. Rf8 Be3
47. Rc8 Bc1 48. Kc4 Rxb2 49. Rc5+ Kd6 50. Rh5 Rg2 51. Kd3 Bb2 52. Kc4 Rc2 53.
Rh4 Rxc3+ 54. Kb4 Rg3 55. Re4 Be5 56. Re2 Kd5 57. Ka4 Bd4 58. Rh2 e5 59. Rh5 Kc4
60. Rh7 e4 61. Rc7+ Kd3 62. Re7 e3 63. Re6 e2 64. Re7 Be3 65. Kb3 e1=Q 66. Ka2
Rg2+ 67. Kb3 Qb1+ 68. Ka4 Ra2# 0-1

[Event "Titled Tue 24th Jun Early"]
[Site "chess.com INT"]
[Date "2025.06.24"]
[Round "4"]
[White "Logozar, Elijah"]
[Black "Tovmasian, Vardges"]
[Result "1-0"]
[BlackTitle "IM"]
[WhiteElo "1928"]
[BlackElo "2352"]
[WhiteFideId "30963788"]
[BlackFideId "13302736"]
[EventDate "2025.06.24"]

1. e4 c5 2. Nf3 e6 3. d4 cxd4 4. Nxd4 Nf6 5. Nc3 Nc6 6. Ndb5 Bc5 7. Bf4 O-O 8.
Bc7 Qe7 9. Bd6 Bxd6 10. Qxd6 Qd8 11. O-O-O a6 12. Nd4 Ne7 13. Be2 b5 14. e5 Ne8
15. Qb4 Qc7 16. Qxe7 Qxe5 17. Bf3 Rb8 18. Rhe1 Qf4+ 19. Kb1 b4 20. Nd5 Qxh2 21.
Rh1 Qe5 22. Qh4 h6 23. Ne3 Nf6 24. g4 Qf4 25. Ng2 Qg5 26. Qg3 Rb6 27. Be2 Ne4
28. Qf3 Nd2+ 29. Rxd2 Qxd2 30. Bd3 Bb7 31. Qg3 Rc8 32. Rg1 e5 33. Nf5 e4 34.
Ne7+ Kh8 35. Bxe4 Bxe4 36. Nxc8 Qxc2+ 37. Ka1 Qxc8 38. Nf4 Rc6 39. Qe3 d5 40. g5
hxg5 41. Ne2 f6 42. Nd4 Rc4 43. f4 Qc5 44. Qh3+ Bh7 45. a3 Qxd4 46. Rh1 Qe4 47.
f5 Qh4 48. Qg2 Qe4 49. Qh3 Qh4 50. Qg2 Qg4 51. Qh2 Qxf5 52. Qb8+ Rc8 53. Qb7 Qe4
54. Qxc8+ 1-0

[Event "Titled Tue 24th Jun Early"]
[Site "chess.com INT"]
[Date "2025.06.24"]
[Round "4"]
[White "Jimenez Salas, Maria Teresa"]
[Black "Boramanikar, Tanisha S"]
[Result "1-0"]
[WhiteTitle "WIM"]
[BlackTitle "WCM"]
[WhiteElo "2170"]
[BlackElo "1743"]
[WhiteFideId "3843866"]
[BlackFideId "35023454"]
[EventDate "2025.06.24"]

1. e4 c5 2. Nf3 Nc6 3. d4 cxd4 4. Nxd4 Nf6 5. Nc3 e5 6. Ndb5 d6 7. Bg5 a6 8. Na3
b5 9. Nd5 Be7 10. Bxf6 Bxf6 11. c3 O-O 12. Nc2 Bg5 13. a4 bxa4 14. Rxa4 a5 15.
Bc4 Be6 16. O-O Rb8 17. b3 Kh8 18. Qd3 f5 19. exf5 Bxf5 20. Qe2 e4 21. Nce3 Bg6
22. f3 exf3 23. Rxf3 Rxf3 24. Qxf3 Ne5 25. Qe2 Nxc4 26. Qxc4 Bf7 27. Nf1 Rc8 28.
Qd4 Bxd5 29. Qxd5 Qb6+ 30. Qd4 Qxb3 31. Rxa5 Bd8 32. Ra6 d5 33. Rd6 Bf6 34. Rxf6
gxf6 35. Qxf6+ Kg8 36. Qe6+ Kg7 37. Qxc8 Qb6+ 38. Kh1 Qf2 39. Qg4+ Kf7 40. Qf3+
Qxf3 41. gxf3 Kf6 42. Kg2 Kf5 43. Kf2 Kf4 44. Ne3 Ke5 45. Ke2 d4 46. Ng4+ Kd5
47. cxd4 Kxd4 48. Nf6 h6 49. Ng4 h5 50. Nf6 h4 51. Kf2 Ke5 52. Ng4+ Kf4 53. Ne3
h3 54. Ng4 Kg5 55. Kg3 Kf5 56. Kxh3 Kf4 57. Kg2 Kg5 58. Kg3 Kf5 59. h4 1-0

[Event "Titled Tue 24th Jun Early"]
[Site "chess.com INT"]
[Date "2025.06.24"]
[Round "4"]
[White "Jake Shanty"]
[Black "Martinez Alcantara, Jose Eduardo"]
[Result "0-1"]
[WhiteTitle "FM"]
[BlackTitle "GM"]
[WhiteElo "2252"]
[BlackElo "2611"]
[WhiteFideId "33478066"]
[BlackFideId "3805662"]
[EventDate "2025.06.24"]

1. Nf3 c5 2. e3 Nf6 3. b3 e6 4. Bb2 b6 5. d4 Bb7 6. Nbd2 cxd4 7. exd4 Be7 8. Bd3
O-O 9. O-O d6 10. Qe2 Nbd7 11. Ne4 Nxe4 12. Bxe4 Bxe4 13. Qxe4 Nf6 14. Qd3 Qc7
15. c4 d5 16. Rac1 dxc4 17. bxc4 Rfd8 18. Qb3 Rac8 19. h3 Bd6 20. Rfd1 Be7 21.
Ne5 Nd7 22. Nxd7 Rxd7 23. d5 e5 24. Re1 Bd6 25. a4 h6 26. Qb5 Re7 27. a5 Bc5 28.
axb6 axb6 29. Bc3 Qd6 30. Rb1 Qf6 31. Re2 Qf5 32. Rbe1 f6 33. Bb4 Qd7 34. Qxd7
Rxd7 35. Bxc5 Rxc5 36. Re4 b5 37. cxb5 Rxb5 38. f4 Rdxd5 39. fxe5 Rxe5 40. Rxe5
fxe5 41. Rc1 Kf7 42. Rc7+ Kf6 43. Kf2 h5 44. Kf3 Rb3+ 45. Kf2 g5 46. Rh7 h4 47.
Rc7 Kf5 48. Rf7+ Ke4 49. Rg7 Rb2+ 50. Kg1 Kd3 51. Rxg5 e4 52. Rd5+ Ke2 53. Kh2
e3 54. Rd4 Rb1 55. Rxh4 Kd3 56. Rh8 e2 57. Rd8+ Kc4 58. Re8 e1=Q 59. Rxe1 Rxe1
60. Kg3 Kd5 61. Kf4 Ke6 62. Kg5 Kf7 0-1

[Event "Titled Tue 24th Jun Early"]
[Site "chess.com INT"]
[Date "2025.06.24"]
[Round "4"]
[White "Annaberdiyev, Babageldi"]
[Black "Moroni, Luca Jr"]
[Result "0-1"]
[WhiteTitle "FM"]
[BlackTitle "GM"]
[WhiteElo "2208"]
[BlackElo "2549"]
[WhiteFideId "14000385"]
[BlackFideId "865834"]
[EventDate "2025.06.24"]

1. e4 c5 2. Nf3 Nc6 3. d3 g6 4. Nbd2 Bg7 5. g3 e5 6. Bg2 Nge7 7. h4 h6 8. O-O d6
9. c3 Be6 10. a4 O-O 11. h5 g5 12. Nh2 Qd7 13. Qe2 Rae8 14. Nc4 f5 15. Ne3 f4
16. Nd5 Kh8 17. Nxe7 Nxe7 18. g4 d5 19. f3 dxe4 20. dxe4 Rd8 21. Re1 Nc8 22. Bf1
Nb6 23. Qb5 Qc7 24. a5 Nc8 25. Qa4 c4 26. Be2 Rd7 27. Kg2 Rfd8 28. Nf1 Bf8 29.
Rd1 Rxd1 30. Bxd1 b5 31. axb6 Nxb6 32. Qc2 Nd7 33. Be2 Nc5 34. Bd2 Qb6 35. Be1
Nd3 36. Bxd3 cxd3 37. Qd2 a5 38. Bf2 Qb5 39. c4 Qb4 40. Rxa5 Qxd2 41. Nxd2 Bb4
42. Rxe5 Bxd2 43. Rxe6 Be3 44. Be1 d2 45. Bxd2 Rxd2+ 46. Kh1 Rxb2 47. Rxh6+ Kg7
48. Rg6+ Kf7 49. Rxg5 Rf2 50. Rf5+ Ke6 51. g5 Rxf3 52. g6 Rg3 53. Kh2 Rg4 54.
Kh3 Rg3+ 55. Kh2 Bd4 56. Rxf4 Rg5 57. Rf5 Rg4 58. Kh3 Rxe4 59. Rd5 Bf6 60. Rc5
Rh4+ 61. Kg3 Rh1 62. Kg2 Rh4 63. Kg3 Rh1 64. Kg2 Rd1 65. Rc6+ Kf5 66. Rc5+ Kg4
67. h6 Bd4 68. Rg5+ Kxg5 69. g7 Rg1+ 70. Kh2 Kxh6 71. g8=Q Rxg8 72. c5 Be5+ 73.
Kh1 Rc8 74. c6 Rxc6 0-1

[Event "Titled Tue 24th Jun Early"]
[Site "chess.com INT"]
[Date "2025.06.24"]
[Round "4"]
[White "Niemann, Hans Moke"]
[Black "Dragnev, Valentin"]
[Result "1-0"]
[WhiteTitle "GM"]
[BlackTitle "GM"]
[WhiteElo "2736"]
[BlackElo "2547"]
[WhiteFideId "2093596"]
[BlackFideId "1634852"]
[EventDate "2025.06.24"]

1. e4 e5 2. Nf3 d6 3. d4 exd4 4. Nxd4 Nf6 5. f3 Be7 6. c4 O-O 7. Nc3 c6 8. Be2
Re8 9. O-O Bf8 10. Bg5 h6 11. Bh4 Nbd7 12. Kh1 Ne5 13. Qc2 Ng6 14. Bf2 Nf4 15.
Rfd1 Nxe2 16. Ndxe2 Qe7 17. Bg3 Qe6 18. Qd3 Rd8 19. Rd2 Nh5 20. Bh4 Re8 21. Rad1
Qe5 22. g4 Nf4 23. Nxf4 Qxf4 24. Bg3 Qf6 25. Qe3 Re6 26. Kg2 h5 27. g5 Qg6 28.
Ne2 f5 29. h4 fxe4 30. Nf4 exf3+ 31. Qxf3 Qf5 32. Nxe6 Qxe6 33. Bxd6 Bd7 34. Bh2
Be8 35. Rf1 Bg6 36. Re2 Qxc4 37. b3 Qd3 38. Bg3 Bc5 39. Re6 Qc2+ 40. Kh1 Rf8 41.
Bf4 Bf7 42. Re2 Qf5 43. Kh2 Bd5 44. Qg3 Rf7 45. g6 Rf8 46. Qg5 Qd3 47. Qxh5 1-0

[Event "Titled Tue 24th Jun Early"]
[Site "chess.com INT"]
[Date "2025.06.24"]
[Round "4"]
[White "Rustemov, Alexander"]
[Black "Novosel, Lovro"]
[Result "1-0"]
[WhiteTitle "GM"]
[BlackTitle "FM"]
[WhiteElo "2525"]
[BlackElo "2338"]
[WhiteFideId "4119002"]
[BlackFideId "14547120"]
[EventDate "2025.06.24"]

1. d4 Nf6 2. c4 c5 3. d5 b5 4. cxb5 a6 5. e3 d6 6. Nc3 g6 7. a4 Bg7 8. Nf3 O-O
9. e4 axb5 10. Bxb5 Ba6 11. Bd2 Nbd7 12. O-O Qb6 13. h3 Rfb8 14. Re1 Bxb5 15.
axb5 Ne8 16. Qe2 Rxa1 17. Rxa1 Nc7 18. Bg5 h6 19. Bxe7 g5 20. Nd2 Bxc3 21. bxc3
Re8 22. Nc4 Qxb5 23. Bxd6 Nxd5 24. Qd3 N5b6 25. Ne5 c4 26. Qb1 Rxe5 27. Bxe5
Qxe5 28. Qc2 Nc5 29. f3 Nba4 30. Ra3 Nb6 31. Kh1 Ne6 32. Qf2 Nd7 33. Ra7 Ndc5
34. Qe3 Nd3 35. Ra3 Qg3 36. Ra1 Nef4 37. Ra2 Ne1 38. Qf2 Qxf2 39. Rxf2 Nexg2 40.
Rxg2 Nxg2 41. Kxg2 Kg7 42. Kg3 Kf6 43. f4 Ke6 44. Kg4 f6 45. h4 gxf4 46. Kxf4
Ke7 47. Kf5 Kf7 48. h5 Kg7 49. Ke6 Kf8 50. Kxf6 1-0

[Event "Titled Tue 24th Jun Early"]
[Site "chess.com INT"]
[Date "2025.06.24"]
[Round "4"]
[White "Steinberg, Nitzan"]
[Black "Esipenko, Andrey"]
[Result "0-1"]
[WhiteTitle "GM"]
[BlackTitle "GM"]
[WhiteElo "2554"]
[BlackElo "2689"]
[WhiteFideId "2801795"]
[BlackFideId "24175439"]
[EventDate "2025.06.24"]

1. e4 e5 2. Nf3 Nc6 3. Bb5 a6 4. Ba4 Nf6 5. d3 d6 6. c3 g6 7. O-O Bg7 8. h3 O-O
9. Re1 h6 10. Nbd2 b5 11. Bb3 Na5 12. Bc2 c5 13. Nf1 Nc6 14. Ng3 Re8 15. a4 b4
16. Be3 Rb8 17. Qd2 Kh7 18. d4 exd4 19. cxd4 c4 20. Rad1 d5 21. e5 Ng8 22. Nh5
Bf8 23. Nf4 Nge7 24. Nh4 Be6 25. Qe2 Qd7 26. Nh5 Ng8 27. Qf3 b3 28. Bb1 Nb4 29.
Nf4 Nc2 30. Re2 Ne7 31. Rc1 Rb4 32. Rcxc2 bxc2 33. Bxc2 Reb8 34. Nh5 Ng8 35. Qg3
Rxb2 36. Nf4 Rxc2 37. Rxc2 Ne7 38. Qf3 Bg7 39. a5 g5 40. Nh5 gxh4 41. Nxg7 Kxg7
42. Qf6+ Kg8 43. Bxh6 Nf5 44. Qg5+ Kh7 45. Qh5 Nxh6 46. Rc3 Rg8 47. Rf3 Rg6 48.
Qxh4 Qc7 49. g4 c3 50. g5 c2 0-1

[Event "Titled Tue 24th Jun Early"]
[Site "chess.com INT"]
[Date "2025.06.24"]
[Round "4"]
[White "Porozhnyak, Maya"]
[Black "Ladan, Nicholas"]
[Result "0-1"]
[WhiteTitle "WCM"]
[WhiteElo "1953"]
[BlackElo "2218"]
[WhiteFideId "34115843"]
[BlackFideId "30918855"]
[EventDate "2025.06.24"]

1. e4 e5 2. Nf3 Nc6 3. d4 exd4 4. c3 Nf6 5. Bd3 d5 6. exd5 Qxd5 7. O-O Bg4 8.
Re1+ Be7 9. Be2 O-O-O 10. h3 Bh5 11. Nxd4 Nxd4 12. Bxh5 Qxh5 13. Qxh5 Nxh5 14.
cxd4 Rxd4 15. Nc3 Bb4 16. Re5 Bxc3 17. bxc3 Rd1+ 18. Kh2 Nf6 19. Bb2 Rxa1 20.
Bxa1 Re8 21. c4 Rxe5 22. Bxe5 Ne8 23. Kg3 Kd7 24. Kf3 Ke6 25. Bd4 b6 26. g4 f6
27. c5 Kd5 28. cxb6 axb6 29. Bb2 b5 30. Kf4 b4 31. Ke3 c5 32. h4 Nd6 33. Bc1 c4
34. f3 c3 35. Kd3 Nc4 36. g5 fxg5 37. Bxg5 Ne5+ 38. Ke3 Kc4 39. f4 Nf7 40. Be7
g6 41. Bf6 Nd6 42. Kf3 Kd3 43. Kg4 c2 44. Bb2 Kd2 45. Kg5 c1=Q 46. Bxc1+ Kxc1
47. Kh6 Nf5+ 48. Kxh7 Nxh4 49. Kh6 Kb2 50. Kg5 Kxa2 51. Kxh4 b3 52. Kg5 b2 53.
Kxg6 b1=Q+ 54. f5 Qg1+ 55. Kf7 Qa7+ 56. Kg6 Qe7 57. f6 Qf8 58. Kf5 Kb3 59. Ke6
Kc4 60. Ke5 Kc5 61. Kf5 Kd6 62. Kg6 Ke6 63. f7 Qxf7+ 64. Kh6 Qg8 65. Kh5 Kf5 66.
Kh4 Qg4# 0-1

[Event "Titled Tue 24th Jun Early"]
[Site "chess.com INT"]
[Date "2025.06.24"]
[Round "4"]
[White "Mafra, Kaiser Luiz"]
[Black "Khoo-Thwe, Louis"]
[Result "0-1"]
[WhiteTitle "CM"]
[BlackTitle "CM"]
[WhiteElo "2076"]
[BlackElo "2214"]
[WhiteFideId "2106698"]
[BlackFideId "1538756"]
[EventDate "2025.06.24"]

1. d4 d5 2. Nc3 Nf6 3. Bf4 e6 4. e3 Bd6 5. Qf3 Bxf4 6. Qxf4 a6 7. g4 Nbd7 8. g5
Nh5 9. Qg4 g6 10. Be2 e5 11. dxe5 Nxe5 12. Qd4 Qxg5 13. h4 Qe7 14. Nxd5 Qd6 15.
f4 f6 16. Bxh5 gxh5 17. fxe5 fxe5 18. Qc4 c6 19. Nb6 Be6 20. Qc3 Rd8 21. Rh2 Rg8
22. Ne2 e4 23. Rf2 c5 24. Na4 b6 25. b3 Bg4 26. Nxb6 Qxb6 27. Qe5+ Qe6 28. Qxe6+
Bxe6 29. Nf4 Rg1+ 30. Rf1 Rxf1+ 31. Kxf1 Bg4 32. Ke1 Ke7 33. c4 Kf6 34. Nd5+ Ke5
35. Kd2 Rf8 36. Re1 Rf2+ 37. Kc3 Rxa2 38. Nb6 Rh2 39. Ra1 Rxh4 40. Rxa6 Rh3 41.
Ra7 Rxe3+ 42. Kc2 Re2+ 43. Kc3 Bf5 44. Re7+ Kf6 45. Rc7 h4 46. Rxc5 h3 47. Nd5+
Kg5 48. Rc6 h2 49. Ne7 h1=Q 50. Rc5 Rf2 51. Nxf5 Rxf5 52. Rc7 Qc1+ 53. Kb4 Qd2+
54. Ka3 Ra5# 0-1

[Event "Titled Tue 24th Jun Early"]
[Site "chess.com INT"]
[Date "2025.06.24"]
[Round "4"]
[White "Nikulina, Alena"]
[Black "Rees, Ioan"]
[Result "0-1"]
[WhiteTitle "WFM"]
[BlackTitle "FM"]
[WhiteElo "1875"]
[BlackElo "2280"]
[WhiteFideId "4172051"]
[BlackFideId "1801236"]
[EventDate "2025.06.24"]

1. e4 e5 2. Nf3 Nc6 3. Bb5 a6 4. Ba4 Nf6 5. O-O Nxe4 6. Re1 Nc5 7. Bxc6 dxc6 8.
Nxe5 Ne6 9. d4 Be7 10. c3 O-O 11. Nd2 c5 12. Ndf3 cxd4 13. Nxd4 Nxd4 14. cxd4
Be6 15. Be3 Qd5 16. b3 Rad8 17. Nd3 Qf5 18. Qe2 Bf6 19. Nc5 Bc8 20. Rad1 Rfe8
21. b4 Bxd4 22. Qc4 Bxe3 23. fxe3 h6 24. e4 Qg4 25. Rxd8 Rxd8 26. Rf1 Be6 27.
Nxe6 Qxe6 28. Qxc7 Qd7 29. Qc4 Rc8 30. Qb3 Qd4+ 31. Kh1 Rc7 32. Qf3 Re7 33. a3
Qxe4 34. Qf2 Qe3 35. Qf5 Qxa3 36. Qc8+ Kh7 37. Qf5+ g6 38. Qf4 Qe3 39. Qf6 Qe5
40. Qf3 Qe4 41. Qf6 Qxb4 42. h3 Qe4 43. Qb6 Qc6 44. Qb1 b5 45. Qb3 Qe6 46. Qa3
h5 47. Ra1 Rb7 48. Qb2 b4 49. Rf1 a5 50. Rf6 Qc4 51. Qf2 b3 52. Qf3 Qc1+ 53. Kh2
Qc7+ 54. Kh1 b2 55. Rxf7+ Qxf7 56. Qxf7+ Rxf7 0-1

[Event "Titled Tue 24th Jun Early"]
[Site "chess.com INT"]
[Date "2025.06.24"]
[Round "4"]
[White "Aghaei, Alireza"]
[Black "Kovalev, Vladislav"]
[Result "0-1"]
[WhiteTitle "CM"]
[BlackTitle "GM"]
[WhiteElo "2204"]
[BlackElo "2557"]
[WhiteFideId "12509914"]
[BlackFideId "13504398"]
[EventDate "2025.06.24"]

1. d4 Nf6 2. c4 e6 3. Nf3 b6 4. g3 Ba6 5. Nbd2 Bb4 6. Qc2 Bb7 7. Bg2 O-O 8. O-O
Bxd2 9. Qxd2 d6 10. b3 Nbd7 11. Bb2 a5 12. a3 Qe7 13. Rfe1 Be4 14. Bh3 h6 15.
Nh4 g5 16. f3 Bh7 17. Ng2 d5 18. Ne3 c6 19. Rac1 a4 20. b4 b5 21. cxb5 cxb5 22.
Rc7 Rfc8 23. Rec1 Qd8 24. Qc3 Nb6 25. Rxc8 Rxc8 26. Qd2 Rxc1+ 27. Qxc1 Ne8 28.
Ng4 Kg7 29. Ne5 Nc4 30. Bc3 Ned6 31. Nd3 Qf6 32. Nc5 h5 33. Bg2 g4 34. Kf2 Bg6
35. Ke1 Kh7 36. Kf2 h4 37. Kg1 h3 38. Bf1 gxf3 39. exf3 Qxf3 40. Be1 Ne4 41. Nd3
Qe3+ 42. Qxe3 Nxe3 43. Nf4 Nc2 44. Bf2 Nxa3 45. Nxh3 Nc4 46. Nf4 a3 0-1

[Event "Titled Tue 24th Jun Early"]
[Site "chess.com INT"]
[Date "2025.06.24"]
[Round "4"]
[White "Weetik, Vjacheslav"]
[Black "Murzin, Volodar"]
[Result "0-1"]
[WhiteTitle "FM"]
[BlackTitle "GM"]
[WhiteElo "2423"]
[BlackElo "2666"]
[WhiteFideId "4153472"]
[BlackFideId "44155573"]
[EventDate "2025.06.24"]

1. c4 c6 2. Nc3 d5 3. cxd5 cxd5 4. d4 e6 5. Bf4 Bd6 6. e3 Bxf4 7. exf4 Ne7 8.
Bd3 Nbc6 9. Nf3 Qd6 10. g3 f6 11. O-O Bd7 12. Rc1 O-O 13. a3 Be8 14. Re1 Bh5 15.
Be2 Nf5 16. Nb5 Qd7 17. Qd3 a6 18. Nc3 Bxf3 19. Bxf3 Nfxd4 20. Bg4 f5 21. Bd1 b5
22. Ne2 Nxe2+ 23. Bxe2 Rac8 24. b4 Ne7 25. Qe3 Rxc1 26. Rxc1 Rc8 27. Rd1 Qd6 28.
Qa7 Kf7 29. Kg2 Rc2 30. Bh5+ g6 31. Bf3 Rc3 32. Qa8 Nc8 33. h4 h5 34. Qb7+ Rc7
35. Qb8 Qb6 36. Qa8 Qb7 37. Qxb7 Rxb7 38. Rc1 Ne7 39. Rc5 Ke8 40. Kf1 Kd7 41.
Ke2 Rc7 42. Rxc7+ Kxc7 43. Ke3 Kd6 44. Kd4 Nc8 45. Bd1 Nb6 46. Bb3 Nd7 47. a4
Nb8 48. a5 Nc6+ 49. Kc3 d4+ 50. Kd3 Nxb4+ 51. Kxd4 Nc6+ 52. Kc3 Nxa5 53. Bd1 Nc6
54. Bf3 Kc5 0-1